[Event "Vsetin op 45th"]
[Site "Vsetin"]
[Date "2020.07.08"]
[Round "7"]
[White "Dancak, Stanislav"]
[Black "Nekvasil, Radek"]
[Result "0-1"]
[WhiteElo "1619"]
[BlackElo "1757"]
[PlyCount "74"]
[EventDate "2020.07.04"]
[EventType "swiss"]
[EventRounds "9"]
[EventCountry "CZE"]
[SourceTitle "CBM 197 Extra"]
[Source "ChessBase"]
[SourceDate "2020.09.30"]
[SourceVersion "1"]
[SourceVersionDate "2020.09.30"]
[SourceQuality "1"]

1. e4 d5 2. exd5 Qxd5 3. Nc3 Qd6 4. Nf3 Nf6 5. d4 a6 6. Be3 e6 7. Bd3 b5 8. Ne4 Nxe4 9. Bxe4 c6 10. 0-0 Nd7 11. Qd2 Nf6 12. Bd3 Nd5 13. Rfe1 Be7 14. Bg5 Bb7 15. Bxe7 Qxe7 16. c4 Nf6 17. Re5 0-0 18. Qc2 g6 19. Qd2 Kh8 20. Rae1 Rg8 21. h3 Nd7 22. R5e2 bxc4 23. Bxc4 Nb6 24. Bxe6 fxe6 25. Rxe6 Qf8 26. d5 Nxd5 27. Qd4+ Qg7 28. Qh4 g5 29. Qe4 g4 30. hxg4 Qxg4 31. g3 Qxe4 32. R1xe4 Raf8 33. Nh4 Nf4 34. Re7 Nh3+ 35. Kg2 Nxf2 36. R4e5 Ng4 37. Rh5 Nf6 0-1

[Event "Vsetin op 45th"]
[Site "Vsetin"]
[Date "2020.07.05"]
[Round "2"]
[White "Nekvasil, Radek"]
[Black "Valenta, Vit"]
[Result "0-1"]
[WhiteElo "1757"]
[BlackElo "2054"]
[PlyCount "74"]
[EventDate "2020.07.04"]
[EventType "swiss"]
[EventRounds "9"]
[EventCountry "CZE"]
[SourceTitle "CBM 197 Extra"]
[Source "ChessBase"]
[SourceDate "2020.09.30"]
[SourceVersion "1"]
[SourceVersionDate "2020.09.30"]
[SourceQuality "1"]

1. b4 Nf6 2. c4 g6 3. Bb2 Bg7 4. Nc3 0-0 5. Nf3 d6 6. h3 e5 7. e3 Nbd7 8. Be2 c5 9. bxc5 Nxc5 10. d4 exd4 11. exd4 Nce4 12. 0-0 d5 13. Re1 b6 14. Bd3 Nxc3 15. Bxc3 dxc4 16. Bxc4 Bb7 17. Bb4 Re8 18. Qb3 Rxe1+ 19. Rxe1 Nd5 20. Bb5 Qf6 21. Bd2 h6 22. Ne5 Qd6 23. Qf3 Qf6 24. Qg3 Qd6 25. f4 Nf6 26. Bc4 Bd5 27. Qb3 Rc8 28. Bxd5 Qxd5 29. Qa4 Ne4 30. Be3 a5 31. Nd7 Rc6 32. Ne5 Bxe5 33. dxe5 Nc3 34. Qb3 b5 35. Rc1 Qxb3 36. axb3 Ne2+ 37. Kf2 Nxc1 0-1